<?xml version="1.0" encoding="UTF-8"?>
<record
    xmlns:xsi="http://www.w3.org/2001/XMLSchema-instance"
    xsi:schemaLocation="http://www.loc.gov/MARC21/slim http://www.loc.gov/standards/marcxml/schema/MARC21slim.xsd"
    xmlns="http://www.loc.gov/MARC21/slim">

  <leader>02567    a2200241   4500</leader>
  <controlfield tag="001">45151</controlfield>
  <controlfield tag="005">20260407155726.0</controlfield>
  <controlfield tag="008">260407a2017    arg                 spa d</controlfield>
  <controlfield tag="003">AR-UNSa-BCEJYS</controlfield>
  <datafield tag="040" ind1=" " ind2=" ">
    <subfield code="a">AR-UNSa-BCEJYS</subfield>
    <subfield code="b">spa</subfield>
    <subfield code="c">AR-UNSa-BCEJYS</subfield>
  </datafield>
  <datafield tag="080" ind1=" " ind2=" ">
    <subfield code="a">342.7-055.2</subfield>
    <subfield code="x">Derechos de las Mujeres</subfield>
  </datafield>
  <datafield tag="245" ind1="1" ind2="0">
    <subfield code="a">&#xBF;Qui&#xE9;n cuida en la ciudad?</subfield>
    <subfield code="p">aportes para pol&#xED;ticas urbanas de igualdad</subfield>
  </datafield>
  <datafield tag="020" ind1=" " ind2=" ">
    <subfield code="a">978-92-1-121970-8</subfield>
  </datafield>
  <datafield tag="264" ind1=" " ind2="1">
    <subfield code="a">Santiago de Chile :</subfield>
    <subfield code="b">CEPAL (Comisi&#xF3;n Econ&#xF3;mica para Am&#xE9;rica Latina y el Caribe)</subfield>
    <subfield code="c">2017</subfield>
  </datafield>
  <datafield tag="300" ind1=" " ind2=" ">
    <subfield code="a">470 p.</subfield>
    <subfield code="c">22 cm.</subfield>
  </datafield>
  <datafield tag="505" ind1=" " ind2=" ">
    <subfield code="a">Parte 1. Habitar la ciudad con igualdad de g&#xE9;nero -- Cap&#xED;tulo I. &#xBF;C&#xF3;mo vivimos la ciudad? Hacia un nuevo paradigma urbano para la igualdad de g&#xE9;nero / Olga Segovia, Mar&#xED;a Nieves Rico -- Cap&#xED;tulo II. Urbanizaci&#xF3;n e igualdad: dos dimensiones clave para el desarrollo sostenible de Am&#xE9;rica Latina / Antonio Prado, Vera Kiss .-- Cap&#xED;tulo III. Ciudades que cuidan / Mar&#xED;a &#xC1;ngeles Dur&#xE1;n .-- Cap&#xED;tulo IV. La distribuci&#xF3;n del tiempo en el an&#xE1;lisis de las desigualdades en las ciudades de Am&#xE9;rica Latina / Luc&#xED;a Scuro, Iliana Vaca-Trigo --- Parte 2. Autonom&#xED;a econ&#xF3;mica de las mujeres y cuidado en ciudades latinoamericanas .-- Cap&#xED;tulo V. &#xBF;Qui&#xE9;n cuida en la Ciudad de M&#xE9;xico?, M&#xE9;xico / Luc&#xED;a P&#xE9;rez Fragoso .-- Capitulo VI. Cuidado para la gesti&#xF3;n: Nueva Cultura Laboral con perspectiva de g&#xE9;nero en la Ciudad de M&#xE9;xico / Amalia Garc&#xED;a Medina .-- Cap&#xED;tulo VII. &#xBF;Qui&#xE9;n cuida en Montevideo?, Uruguay / Karina Batthy&#xE1;ny .-- Cap&#xED;tulo VIII. &#xBF;Qui&#xE9;n cuida en Santiago?, Chile / Olga Segovia .-- Cap&#xED;tulo IX. &#xBF;Qui&#xE9;n cuida en Bogot&#xE1;?, Colombia / Marisol Dalmazzo Peillard .-- Cap&#xED;tulo X. &#xBF;Qui&#xE9;n cuida en San Salvador?, El Salvador / Morena Herrera .-- Cap&#xED;tulo XI. &#xBF;Qui&#xE9;n cuida en Cuenca?, Ecuador / Ver&#xF3;nica Aranda .-- Cap&#xED;tulo XII. &#xBF;Qui&#xE9;n cuida en Rosario?, Argentina / Ana Fal&#xFA; --- Parte 3. Desaf&#xED;os para la vida cotidiana: movilidad urbana y uso del tiempo .-- Cap&#xED;tulo XIII. Planifcaci&#xF3;n urbana y del transporte a partir de relaciones de interdependencia y movilidad del cuidado / Paola Jir&#xF3;n .-- Cap&#xED;tulo XIV. Movilidades invisibles: recorridos escolares en la regi&#xF3;n metropolitana de Buenos Aires / Laura Pautassi .-- Cap&#xED;tulo XV. Hacia ciudades cuidadoras / Mar&#xED;a Nieves Rico, Olga Segovia.</subfield>
  </datafield>
  <datafield tag="041" ind1=" " ind2=" ">
    <subfield code="a">spa</subfield>
  </datafield>
  <datafield tag="942" ind1=" " ind2=" ">
    <subfield code="c">BK</subfield>
  </datafield>
  <datafield tag="590" ind1=" " ind2=" ">
    <subfield code="a">niveau_biblio:m niveau_hierar:0</subfield>
  </datafield>
  <datafield tag="100" ind1="1" ind2=" ">
    <subfield code="a">Segovia, Olga</subfield>
  </datafield>
  <datafield tag="700" ind1="1" ind2=" ">
    <subfield code="a">Nieves Rico, Mar&#xED;a</subfield>
  </datafield>
  <datafield tag="856" ind1="4" ind2="1">
    <subfield code="u">https://www.biblioeco.unsa.edu.ar/pmb/images/libros/L127081.jpg</subfield>
    <subfield code="y">Imagen de portada</subfield>
    <subfield code="q">image/jpeg</subfield>
  </datafield>
  <datafield tag="999" ind1=" " ind2=" ">
    <subfield code="c">3915</subfield>
    <subfield code="d">3915</subfield>
  </datafield>
  <datafield tag="952" ind1=" " ind2=" ">
    <subfield code="0">0</subfield>
    <subfield code="1">0</subfield>
    <subfield code="4">0</subfield>
    <subfield code="7">0</subfield>
    <subfield code="a">BCEJYS</subfield>
    <subfield code="b">BCEJYS</subfield>
    <subfield code="c">16</subfield>
    <subfield code="d">2026-04-07</subfield>
    <subfield code="l">0</subfield>
    <subfield code="o">342.7-055.2 N665</subfield>
    <subfield code="p">L127081</subfield>
    <subfield code="r">2026-04-07 15:57:26</subfield>
    <subfield code="w">2026-04-07</subfield>
    <subfield code="y">L</subfield>
  </datafield>
</record>
